|
|
|
|
| LEADER |
00000nam0a2200000 4500 |
| 001 |
54140 |
| 005 |
20231031050250.0 |
| 010 |
|
|
|a 5862370501
|
| 035 |
|
|
|a (RuTPU)RU\TPU\book\56752
|
| 090 |
|
|
|a 54140
|
| 100 |
|
|
|a 20030630d2001 m y0rusy50 ca
|
| 101 |
0 |
|
|a rus
|
| 102 |
|
|
|a RU
|
| 105 |
|
|
|a a z 001zd
|
| 200 |
1 |
|
|a Тобольские воеводы конца XVI - начала XVIII века
|f Н. Л. Коньков
|
| 210 |
|
|
|a [Москва]
|c Возрождение Тобольска
|d 2001
|
| 215 |
|
|
|a 117 с.
|c ил.
|
| 225 |
1 |
|
|a История Азиатской России
|
| 320 |
|
|
|a Имен. указ.: с. 113-118.
|
| 610 |
1 |
|
|a история
|
| 610 |
1 |
|
|a Россия
|
| 610 |
1 |
|
|a Сибирь
|
| 610 |
1 |
|
|a Тобольск
|
| 610 |
1 |
|
|a 16 век
|
| 610 |
1 |
|
|a 17 век
|
| 610 |
1 |
|
|a 18 век
|
| 610 |
1 |
|
|a воеводы
|
| 686 |
|
|
|a Т3(2Р53)
|v LBC/SL-A
|2 rubbk
|
| 686 |
|
|
|a Ч611.68
|v LBC/SL-A
|2 rubbk
|
| 700 |
|
1 |
|a Коньков
|b Н. Л.
|g Николай Леонидович
|
| 801 |
|
1 |
|a RU
|b 63413507
|c 20030630
|g PSBO
|
| 801 |
|
2 |
|a RU
|b 63413507
|c 20030924
|g PSBO
|
| 942 |
|
|
|c BK
|